MARC details
| 000 -CABECERA |
| campo de control de longitud fija |
00835cam a2200241 a 4500 |
| 001 - NÚMERO DE CONTROL |
| campo de control |
000001075 |
| 005 - FECHA Y HORA DE LA ÚLTIMA TRANSACCIÓN |
| campo de control |
20200929145455.0 |
| 008 - DATOS DE LONGITUD FIJA--INFORMACIÓN GENERAL |
| campo de control de longitud fija |
741224s1974 xxuac 000 0 eng |
| 020 ## - NÚMERO INTERNACIONAL ESTÁNDAR DEL LIBRO |
| Número Internacional Estándar del Libro |
083481028X |
| 040 ## - FUENTE DE LA CATALOGACIÓN |
| Centro catalogador/agencia de origen |
DO-SdBNP |
| Lengua de catalogación |
spa |
| Centro/agencia transcriptor |
BNPHU |
| 041 17 - CÓDIGO DE LENGUA |
| Código de lengua del texto/banda sonora o título independiente |
eng |
| Código de lengua original |
jpn |
| 082 ## - NÚMERO DE LA CLASIFICACIÓN DECIMAL DEWEY |
| Número de clasificación |
709.52 |
| Número de documento/Ítem |
K22m |
| 100 1# - ENTRADA PRINCIPAL--NOMBRE DE PERSONA |
| Nombre de persona |
Kawakita, Michiaki, |
| Fechas asociadas al nombre |
1914- |
| 9 (RLIN) |
3677 |
| 240 10 - TÍTULO UNIFORME |
| Título uniforme |
Kindai bijutsu no nagare. |
| Lenguaje de la obra |
Inglés |
| 245 10 - MENCIÓN DE TÍTULO |
| Título |
Modern currents in Japanese art / |
| Mención de responsabilidad, etc. |
Michiaki Kawakita; Traductor, Charles S. Terry. |
| 260 ## - PUBLICACIÓN, DISTRIBUCIÓN, ETC. |
| Lugar de publicación, distribución, etc. |
New York : |
| Nombre del editor, distribuidor, etc. |
Weatherhill, |
| Fecha de publicación, distribución, etc. |
1974. |
| 300 ## - DESCRIPCIÓN FÍSICA |
| Extensión |
158 p. : |
| Otras características físicas |
il. ; |
| Dimensiones |
23 cm. |
| 490 0# - MENCIÓN DE SERIE |
| Mención de serie |
The Heibonsha survey of Japanese art ; |
| Designación de volumen o secuencia |
24 |
| 534 ## - NOTA SOBRE LA VERSIÓN ORIGINAL |
| Encabezamiento principal del original |
Titulo original: |
| Mención de título del original |
Kindai bijutsu no nagare |
| 650 #4 - PUNTO DE ACCESO ADICIONAL DE MATERIA--TÉRMINO DE MATERIA |
| Término de materia o nombre geográfico como elemento de entrada |
Arte japones |
| Subdivisión cronológica |
SIGLO XX |
| 9 (RLIN) |
3678 |
| 700 1# - PUNTO DE ACCESO ADICIONAL--NOMBRE DE PERSONA |
| Nombre de persona |
Terry, Charles S. |
| Término indicativo de función/relación |
tr. |
| 9 (RLIN) |
3679 |
| 830 #0 - PUNTO DE ACCESO ADICIONAL DE SERIE-TÍTULO UNIFORME |
| Título uniforme |
The Heibonsha survey of Japanese art ; |
| Número de parte o sección de la obra |
24 |
| 9 (RLIN) |
3680 |